000 00746nam a2200253Ia 4500
003 OSt
005 20220918202612.0
006 a|||||r|||| 00| 0
007 ta
008 220917b |||||||| |||| 00| 0 eng d
024 _a102,484
037 _cTextual
040 _aARTS
_cARTS
_beng
041 _2eng
_aeng
082 _aV25292.M59<-M01, L7
100 _aPemble John
_9104546
245 0 _aRaj, the Indian muting and the kingdom of Oudh 1801--1859
260 _aHassocks
_bHarvester Press
_c1977
300 _a303p. maps, plates
_ccm.
500 _aAppendices p258-263 (1-2); Bibliography p285--293
650 _aHISTORY
942 _hV25292.M59<-M01, L7
_cTEXL
_2CC
999 _c225938
_d225938